Kvičko na traktore : učíme sa s Kvičkom rady: farby, tvary, protiklady /

Hlavní autor: Hayes, Fiona
Další autoři: Dunajová, Tatiana
Jazyk: Slovenština
Vydáno: [Praha] : Ottovo nakladatelství, c2011
Témata:
Fyzický popis: 3 sv. ([10, 10, 10] s.) : vše barev. il. ; 8 x 30 cm
Knihy
Uloženo v:
LEADER 01696nam a2200409 aa4500
001 nkc20122387381
003 CZ PrNK
005 20121102155556.0
007 ta
008 120718s2011 xr a a 000 1 slo
015 |a cnb002387381 
020 |a 978-80-7451-159-2  |q (váz.) 
035 |a (OCoLC)817047920 
040 |a BOA001  |b cze  |d ABA001  |d OLA001 
072 7 |a 821-93  |x Literatura pro děti a mládež (beletrie)  |2 Konspekt  |9 26 
080 |a 821-93  |2 MRF 
080 |a (0.025.2)  |2 MRF 
100 1 |a Hayes, Fiona  |7 mzk2005278237  |4 aut  |4 ill 
245 1 0 |a Kvičko na traktore :  |b učíme sa s Kvičkom rady: farby, tvary, protiklady /  |c [námet a ilustrácie Fiona Hayes ; slovenský text Tatiana Dunajová] 
246 3 0 |a Učíme sa s Kvičkom rady: farby, tvary, protiklady 
260 |a [Praha] :  |b Ottovo nakladatelství,  |c c2011 
300 |a 3 sv. ([10, 10, 10] s.) :  |b vše barev. il. ;  |c 8 x 30 cm 
500 |a Podle anglického vyd.? 
500 |a Název z obalu 
500 |a Jednotlivé sv. s kartonovými listy sestavitelné do vláčku a uložené v kartonovém obalu (12 x 35 x 3 cm) s průzory, uzavíráním na suchý zip a plastovým uchem pro uchopení 
505 0 |a Farby -- Protiklady -- Tvary 
521 8 |a Pro děti od tří let 
655 7 |a leporela  |7 fd132727  |2 czenas 
655 7 |a publikace pro děti  |7 fd133156  |2 czenas 
655 9 |a folding picture-books  |2 eczenas 
655 9 |a children's literature  |2 eczenas 
700 1 |a Dunajová, Tatiana  |7 jx20090128015  |4 aut 
910 2 |a BOA001  |b M4-1292.036 
990 |a BK 
995 |a 01 
991 |b 201209  |e db 
996 6 |b 2610522314  |c M4-1292.036  |l MZK  |r Sklad / do 24 hodin  |n 0  |p p.v.  |w 001282835  |u 000010  |a 1  |e BOA001  |j MZK50  |s P